[Event "London Classic Open 2017"]
[Site "London ENG"]
[Date "2017.12.04"]
[Round "4.53"]
[White "Merriman, John"]
[Black "Rizzoli, Aluna"]
[Result "1/2-1/2"]
[WhiteElo "2263"]
[BlackElo "1899"]
[WhiteFideId "402362"]
[BlackFideId "843881"]
[EventDate "2017.12.02"]

1. d4 Nf6 2. c4 e6 3. Nc3 Bb4 4. e3 c5 5. Ne2 d5 6. a3 Bxc3+ 7. Nxc3 cxd4 8.
exd4 dxc4 9. Bxc4 Nc6 10. Be3 O-O 11. O-O Nd5 12. Nxd5 exd5 13. Bd3 Qf6 14. Rc1
Bf5 15. Bxf5 Qxf5 16. Rc5 Rfd8 17. Qb3 Rd7 18. Qc3 h5 19. b4 Rad8 20. Rc1 f6 21.
a4 Qe6 22. Re1 Qf7 23. b5 Na5 24. Rc8 Nc4 25. Rxd8+ Rxd8 26. h3 1/2-1/2

[Event "London Classic Open 2017"]
[Site "London ENG"]
[Date "2017.12.04"]
[Round "4.54"]
[White "Gu, In Jung"]
[Black "Soham, Das"]
[Result "0-1"]
[WhiteElo "1664"]
[BlackElo "2263"]
[WhiteFideId "13200232"]
[BlackFideId "35026763"]
[EventDate "2017.12.02"]

1. e4 c5 2. Nf3 d6 3. d4 cxd4 4. Nxd4 Nf6 5. Nc3 a6 6. f3 e5 7. Nb3 Be6 8. Be3
Be7 9. Qd2 O-O 10. O-O-O a5 11. Kb1 a4 12. Nc1 a3 13. b3 Ra5 14. Na4 Rxa4 15.
bxa4 d5 16. Bb5 Nc6 17. c3 Qc7 18. Qc2 Rc8 19. Rd2 Na5 20. Rhd1 g6 21. exd5 Bf5
22. Bd3 Nc4 23. Re2 Nxe3 24. Rxe3 Qb6+ 25. Nb3 Qxe3 26. Bxf5 Rxc3 27. Qd2 Qxd2
28. Rxd2 gxf5 29. Na5 Bb4 30. Nxb7 Rc7 31. Rc2 Rxb7 0-1

[Event "London Classic Open 2017"]
[Site "London ENG"]
[Date "2017.12.04"]
[Round "4.55"]
[White "Maroroa, Sue"]
[Black "Stany, G.A."]
[Result "0-1"]
[WhiteTitle "WIM"]
[BlackTitle "IM"]
[WhiteElo "2111"]
[BlackElo "2502"]
[WhiteFideId "4301498"]
[BlackFideId "5029104"]
[EventDate "2017.12.02"]

1. e4 e5 2. Nf3 Nc6 3. d4 exd4 4. Nxd4 Nf6 5. Nxc6 bxc6 6. e5 Qe7 7. Qe2 Nd5 8.
c4 Ba6 9. b3 g6 10. Ba3 Nb4 11. Bb2 Bg7 12. a3 Nd5 13. Nd2 O-O 14. O-O-O d6 15.
Qf3 Nb6 16. exd6 Bxb2+ 17. Kxb2 cxd6 18. Ne4 Rab8 19. Ka2 Qe5 20. Nf6+ Kh8 21.
Ng4 Qg7 22. Qf6 Rfd8 23. Qxg7+ Kxg7 24. c5 Bxf1 25. Rhxf1 dxc5 26. Ne3 Nd5 27.
Kb2 a5 28. Nxd5 cxd5 29. Kc3 Rb6 30. Rfe1 Rdb8 31. Rxd5 Rxb3+ 32. Kc4 Rxa3 33.
Re2 Rb4+ 34. Kxc5 Rc3+ 35. Kd6 a4 36. Ra5 a3 37. Ra2 Kf6 38. Kd5 Rd3+ 39. Kc5
Rbb3 40. Kc4 h5 41. h4 Rbc3+ 42. Kb4 Rc7 43. R2xa3 Rd4+ 44. Kb5 Rf4 45. Ra6+ Kg7
46. f3 Rxh4 47. Ra2 Rhc4 48. Rd6 Rc2 49. Rd2 Rb7+ 50. Ka6 Rxa2+ 51. Rxa2 Rb1 52.
Rc2 Kf6 53. Ka5 Kg5 54. Rc7 f5 55. g3 Rb3 0-1

[Event "London Classic Open 2017"]
[Site "London ENG"]
[Date "2017.12.04"]
[Round "4.56"]
[White "De Abreu, Roberto N"]
[Black "Arkell, Keith C"]
[Result "0-1"]
[WhiteTitle "FM"]
[BlackTitle "GM"]
[WhiteElo "2110"]
[BlackElo "2416"]
[WhiteFideId "14307472"]
[BlackFideId "400270"]
[EventDate "2017.12.02"]

1. d4 Nf6 2. c4 e6 3. g3 Bb4+ 4. Bd2 a5 5. Bg2 O-O 6. e4 d6 7. Ne2 e5 8. d5 Na6
9. Nbc3 Nc5 10. O-O c6 11. Qc2 Bd7 12. a3 Bxc3 13. Bxc3 a4 14. Bb4 Nb3 15. Bxd6
Nxa1 16. Rxa1 Re8 17. Nc3 cxd5 18. cxd5 Qb6 19. Bb4 Rec8 20. Bf1 Ne8 21. Bd3 Nd6
22. Qe2 f6 23. Kg2 Rc7 24. Rf1 Rac8 25. Rc1 h6 26. h3 Nf7 27. Ra1 Nd6 28. Rc1
Rd8 29. Qd2 Rcc8 30. Qe2 Be8 31. Rd1 Kh8 32. Rd2 Qc7 33. Rc2 Qf7 34. Ba5 Rd7 35.
Nxa4 Rxc2 36. Qxc2 f5 37. Nc5 fxe4 38. Be2 Qxd5 39. Nxd7 e3+ 40. f3 Bxd7 41. Bb6
Nf5 42. Qd3 Qc6 43. g4 Qxb6 44. Qxd7 Nd6 45. b4 Qd4 46. Qe7 Qd2 47. Kf1 Qc1+ 48.
Kg2 Qb2 49. Kf1 Qa1+ 50. Kg2 Qd4 51. h4 Kh7 52. h5 Qd5 53. g5 hxg5 54. Qxg5 Qd2
55. Kf1 Nf7 56. Qf5+ Kg8 57. Qc8+ Nd8 58. Qc7 Qd4 59. Qe7 Kh7 60. Qg5 Nf7 61.
Qf5+ Kg8 62. Qc8+ Nd8 63. Qc7 Ne6 64. Qc8+ Kf7 65. Qxb7+ Kf6 66. Qe4 Qa1+ 67.
Kg2 Nf4+ 68. Kh2 Qe1 69. Qxe3 Qxe2+ 70. Qxe2 Nxe2 71. b5 Nd4 72. b6 Nxf3+ 73.
Kg3 Nd4 74. b7 Nc6 75. Kg4 Nb8 76. a4 Na6 77. a5 Nb8 78. Kf3 Kf5 79. Ke3 e4 80.
Ke2 Kf4 81. Kf2 e3+ 82. Ke2 Ke4 83. Kd1 Kf3 84. Ke1 e2 0-1

[Event "London Classic Open 2017"]
[Site "London ENG"]
[Date "2017.12.04"]
[Round "4.57"]
[White "Paterek, Michal"]
[Black "Campos Chacon, Marco"]
[Result "1-0"]
[WhiteTitle "FM"]
[WhiteElo "2315"]
[BlackElo "2040"]
[WhiteFideId "1116142"]
[BlackFideId "32029217"]
[EventDate "2017.12.02"]

1. d4 d5 2. c4 e6 3. Nc3 Bb4 4. Qa4+ Nc6 5. Nf3 Nf6 6. a3 Bxc3+ 7. bxc3 dxc4 8.
Qxc4 Qd5 9. Qxd5 exd5 10. Bf4 Bf5 11. Nd2 O-O 12. f3 Rfe8 13. g4 Bg6 14. Kf2 Na5
15. g5 Nh5 16. Bxc7 b6 17. Bh3 Nb7 18. c4 Re7 19. Bg3 Nxg3 20. hxg3 Rae8 21.
Rhe1 Nd6 22. cxd5 Re3 23. a4 Kf8 24. Bd7 R8e7 25. Bb5 Rc3 26. Rec1 Rec7 27. Bc6
Rc2 28. Rxc2 Bxc2 29. e4 Bd3 30. Ke3 Ba6 31. g4 b5 32. e5 Nc4+ 33. Nxc4 bxc4 34.
Rb1 f6 35. Rb8+ Kf7 36. Be8+ Kf8 37. d6 1-0

[Event "London Classic Open 2017"]
[Site "London ENG"]
[Date "2017.12.04"]
[Round "4.58"]
[White "Russell, Christopher"]
[Black "Duncan, Chris R"]
[Result "1/2-1/2"]
[BlackTitle "FM"]
[WhiteElo "2103"]
[BlackElo "2242"]
[WhiteFideId "413569"]
[BlackFideId "403091"]
[EventDate "2017.12.02"]

1. e4 c5 2. c3 e6 3. d4 d5 4. e5 Nc6 5. Nf3 Bd7 6. Bd3 Qb6 7. O-O cxd4 8. cxd4
Nxd4 9. Nxd4 Qxd4 10. Nc3 Qb6 11. Kh1 Ne7 12. Qe2 a6 13. f4 g6 14. Be3 Qd8 15.
Qf2 Bc6 16. Bb6 Qd7 17. Rad1 h5 18. Bc2 Qc8 19. Na4 Bxa4 20. Bxa4+ Nc6 21. Rc1
Qd7 22. Rc2 Be7 23. Rfc1 Rc8 24. Qf1 O-O 25. Bxc6 1/2-1/2

[Event "London Classic Open 2017"]
[Site "London ENG"]
[Date "2017.12.04"]
[Round "4.59"]
[White "Blasco Coll, Andreu"]
[Black "Gudenas, Motiejus"]
[Result "1-0"]
[WhiteElo "2236"]
[BlackElo "2023"]
[WhiteFideId "22272836"]
[BlackFideId "2405229"]
[EventDate "2017.12.02"]

1. d4 Nf6 2. Nf3 c5 3. d5 b5 4. Bg5 Qb6 5. Bxf6 Qxf6 6. c3 Qb6 7. Nbd2 Bb7 8. e4
g6 9. a4 b4 10. Nc4 Qd8 11. cxb4 cxb4 12. Qd4 f6 13. h4 h5 14. e5 Bg7 15. exf6
Bxf6 16. Qe4 Rg8 17. Nd6+ Kf8 18. Nxb7 Qb6 19. d6 Nc6 20. dxe7+ Kg7 21. Bd3 Nxe7
22. a5 Qc7 23. O-O d5 24. Qxb4 Nc6 25. Rac1 Qd7 26. Qd6 Qxb7 27. Rxc6 1-0

[Event "London Classic Open 2017"]
[Site "London ENG"]
[Date "2017.12.04"]
[Round "4.60"]
[White "Johansson, Toni"]
[Black "Bukojemski, Adam"]
[Result "0-1"]
[WhiteElo "2049"]
[BlackElo "2224"]
[WhiteFideId "1703269"]
[BlackFideId "1114620"]
[EventDate "2017.12.02"]

1. d4 Nf6 2. c4 g6 3. Nc3 d5 4. e3 Bg7 5. Nf3 O-O 6. Be2 c5 7. O-O cxd4 8. exd4
dxc4 9. Bxc4 Nc6 10. h3 Bf5 11. a3 Rc8 12. Ba2 Ne4 13. Be3 Nxc3 14. bxc3 Na5 15.
Qd2 Nc4 16. Bxc4 Rxc4 17. Bh6 Qc7 18. Bxg7 Kxg7 19. Rfe1 Rc8 20. Nh4 Be6 21.
Rab1 a6 22. Rbd1 Bd5 23. Re5 Qd6 24. Rde1 e6 25. R1e3 Qxa3 26. Rxd5 exd5 27. Rg3
Rxc3 28. Nf5+ Kg8 29. Nh6+ Kf8 30. Qg5 Qc1+ 31. Qxc1 Rxc1+ 0-1

[Event "London Classic Open 2017"]
[Site "London ENG"]
[Date "2017.12.04"]
[Round "4.61"]
[White "Guelsen, Taylan"]
[Black "Skutta, Bernd"]
[Result "1/2-1/2"]
[WhiteElo "2213"]
[BlackElo "1988"]
[WhiteFideId "24603635"]
[BlackFideId "4666950"]
[EventDate "2017.12.02"]

1. e4 Nc6 2. Nf3 d6 3. d4 Nf6 4. Nc3 g6 5. Bf4 Nh5 6. Be3 Bg7 7. h3 e5 8. Qd2
exd4 9. Nxd4 O-O 10. Nxc6 bxc6 11. g4 Nf6 12. O-O-O Re8 13. f3 a5 14. a4 Rb8 15.
Bc4 Be6 16. Bxe6 fxe6 17. b3 d5 18. Bh6 Bh8 19. e5 Nd7 20. Bg5 Qc8 21. f4 Qb7
22. Ne4 Qb4 23. Qxb4 Rxb4 24. Rhe1 c5 25. Nf6+ Bxf6 26. exf6 Kf7 27. f5 gxf5 28.
gxf5 Rd4 29. Rxd4 cxd4 30. fxe6+ Rxe6 31. Rxe6 Kxe6 32. Bd2 Nxf6 33. Bxa5 Kd6
34. Bd2 c5 35. h4 Ne4 36. Bf4+ Kc6 37. h5 c4 38. Kb2 Nc5 39. Bh6 c3+ 40. Kc1 d3
41. cxd3 Nxb3+ 42. Kc2 Nc5 43. Kxc3 Nxa4+ 44. Kd4 Kd6 45. Bf8+ Ke6 46. h6 Nb6
47. Bg7 Nd7 48. Kc3 Kd6 49. Kb4 Kc6 50. d4 Kb6 51. Ka4 Ka6 52. Kb3 Kb5 53. Kc3
Kc6 54. Kd3 Kd6 55. Ke3 Ke6 56. Kf4 Nb8 57. Bf8 Nc6 58. Bc5 Kf6 59. Ke3 Nd8 60.
Bf8 Ne6 61. Bd6 Kf5 62. Be5 Kg5 63. Bg7 Kg6 64. Be5 Kxh6 65. Kf3 Kg5 66. Kg3 Kf5
67. Kf3 Ng5+ 68. Kg3 Ke4 69. Kg4 Nf3 70. Bh8 Nxd4 71. Kh5 Nf3 72. Kh6 Ne5 73.
Kxh7 d4 74. Bg7 d3 75. Bh6 Kf3 76. Bc1 Ke2 77. Kg8 Nc4 78. Kf8 Nd2 79. Bb2 Nb1
80. Bc1 Ke1 81. Bh6 Nd2 82. Ke7 Ke2 83. Kd7 Nc4 84. Bc1 Kd1 85. Bh6 Ke2 86. Bc1
Nd2 87. Bb2 Kd1 88. Bg7 1/2-1/2

[Event "London Classic Open 2017"]
[Site "London ENG"]
[Date "2017.12.04"]
[Round "4.62"]
[White "Munshi, Aditya"]
[Black "Ledger, Dave J"]
[Result "0-1"]
[BlackTitle "FM"]
[WhiteElo "2001"]
[BlackElo "2209"]
[WhiteFideId "436720"]
[BlackFideId "401986"]
[EventDate "2017.12.02"]

1. e4 e5 2. Nf3 Nc6 3. Bc4 Bc5 4. c3 Nf6 5. d3 O-O 6. Bb3 d5 7. Qe2 h6 8. h3 Re8
9. Nbd2 a5 10. Bc2 b6 11. Nh2 dxe4 12. dxe4 Ne7 13. Ndf1 Ba6 14. Qf3 Ng6 15. g3
Re6 16. Bd2 Rd6 17. O-O-O Bd3 18. Ne3 Nxe4 19. Bxd3 Ng5 20. Qg2 Rxd3 21. h4 Ne6
22. h5 Ngf8 23. Nhg4 f6 24. Kc2 Bxe3 25. Nxe3 Nc5 26. Nf5 e4 27. Be3 Qd7 28. Nd4
Qa4+ 29. Nb3 Rad8 30. Bd4 Nfe6 31. Rxd3 exd3+ 32. Kb1 Nxb3 33. axb3 Qxb3 34. Qe4
Nxd4 35. cxd4 Qc2+ 36. Ka1 Qa4+ 37. Kb1 d2 38. Qe2 Qxd4 39. Rd1 Qd3+ 40. Qxd3
Rxd3 41. Kc2 Rd5 0-1

[Event "London Classic Open 2017"]
[Site "London ENG"]
[Date "2017.12.04"]
[Round "4.63"]
[White "Kett, Tim"]
[Black "Lee, Kyungseok"]
[Result "1-0"]
[WhiteElo "2204"]
[BlackElo "1975"]
[WhiteFideId "1801210"]
[BlackFideId "13202154"]
[EventDate "2017.12.02"]

1. e4 e5 2. Nf3 Nc6 3. Bb5 a6 4. Ba4 Nf6 5. O-O Be7 6. Re1 b5 7. Bb3 O-O 8. a4
Bb7 9. d3 d6 10. Nbd2 Na5 11. Ba2 c5 12. c3 Qc7 13. Nf1 c4 14. Ng3 Bc8 15. d4
Bd7 16. Nf5 Bxf5 17. exf5 e4 18. Nd2 d5 19. f3 Bd6 20. fxe4 Bxh2+ 21. Kh1 Bg3
22. e5 Bxe1 23. Qxe1 Nd7 24. Nf3 f6 25. e6 Rfe8 26. Qh4 Nf8 27. Bf4 Qe7 28. Re1
Nb7 29. g4 Nd6 30. Bb1 Ne4 31. Rxe4 dxe4 32. Bxe4 Rad8 33. g5 Nd7 34. Bc6 fxg5
35. Bxg5 Nf6 36. Ne5 b4 37. Bxe8 Rxe8 38. Nd7 bxc3 39. bxc3 Qa3 40. Bxf6 Qc1+
41. Kg2 Qc2+ 42. Qf2 Qxc3 43. Bxg7 Rc8 44. f6 1-0

[Event "London Classic Open 2017"]
[Site "London ENG"]
[Date "2017.12.04"]
[Round "4.64"]
[White "Willmoth, Robert F"]
[Black "Rice, Chris B"]
[Result "1-0"]
[WhiteTitle "CM"]
[WhiteElo "2202"]
[BlackElo "1969"]
[WhiteFideId "402540"]
[BlackFideId "404446"]
[EventDate "2017.12.02"]

1. d4 Nf6 2. c4 d6 3. Nf3 Nbd7 4. g3 e5 5. Bg2 Be7 6. O-O O-O 7. b3 Re8 8. Bb2
exd4 9. Nxd4 a5 10. Nc3 Nc5 11. Qc2 c6 12. Rab1 Qc7 13. h3 Bf8 14. a3 Ne6 15.
Nf3 Nd7 16. b4 axb4 17. axb4 Ne5 18. Nxe5 dxe5 19. c5 Nd4 20. Qd1 Bf5 21. e4 Be6
22. f4 f6 23. Kh2 b6 24. fxe5 fxe5 25. Nd5 Bxd5 26. exd5 bxc5 27. Bxd4 exd4 28.
bxc5 Bxc5 29. dxc6 Re3 30. Rf3 Rae8 31. Rb7 Qc8 32. Rxe3 Rxe3 33. c7 Re8 34. Rb8
Qd7 35. Qb3+ 1-0

[Event "London Classic Open 2017"]
[Site "London ENG"]
[Date "2017.12.04"]
[Round "4.65"]
[White "Myall, Ivan J"]
[Black "Harley, Andrew D"]
[Result "1/2-1/2"]
[BlackTitle "FM"]
[WhiteElo "2001"]
[BlackElo "2196"]
[WhiteFideId "425168"]
[BlackFideId "401390"]
[EventDate "2017.12.02"]

1. e4 e6 2. d4 d5 3. e5 c5 4. c3 Qb6 5. Nf3 Nc6 6. a3 Nh6 7. b4 cxd4 8. cxd4 Nf5
9. Be3 g6 10. Bd3 Nxe3 11. fxe3 Bh6 12. Qe2 Bd7 13. O-O Rc8 14. Nbd2 O-O 15. g4
g5 16. h4 Qd8 17. hxg5 Bxg5 18. Nxg5 Qxg5 19. Nf3 Qg7 20. Kf2 f6 21. Rh1 fxe5
22. Bxh7+ Kf7 23. b5 e4 24. bxc6 exf3 25. Qd3 Bxc6 26. Rag1 Ke7 1/2-1/2

[Event "London Classic Open 2017"]
[Site "London ENG"]
[Date "2017.12.04"]
[Round "4.66"]
[White "Navrotescu, Andreea-Cristiana"]
[Black "Bansal, Rohan"]
[Result "0-1"]
[WhiteTitle "WIM"]
[WhiteElo "2193"]
[BlackElo "1971"]
[WhiteFideId "675946"]
[BlackFideId "425052"]
[EventDate "2017.12.02"]

1. Nf3 Nf6 2. c4 b6 3. g3 Bb7 4. Bg2 e6 5. O-O Be7 6. b3 O-O 7. Bb2 d6 8. Nc3
Nbd7 9. d4 Ne4 10. Qc2 f5 11. d5 Nxc3 12. Bxc3 e5 13. e4 f4 14. Ne1 g5 15. Bh3
Nf6 16. Be6+ Kh8 17. g4 Ne8 18. f3 Ng7 19. Bf5 Nxf5 20. exf5 b5 21. cxb5 Bxd5
22. Rd1 c6 23. bxc6 Qb6+ 24. Rf2 Bxc6 25. Kg2 Rac8 26. Qd2 Kg8 27. Re2 Qb7 28.
h4 gxh4 29. Rf2 h3+ 30. Kxh3 Rf6 31. Kg2 Rh6 32. Kg1 Bh4 33. Rh2 Bxf3 34. Ng2
Bxg2 35. Rxg2 Qb6+ 36. Kf1 Qb5+ 37. Qd3 Qxd3+ 38. Rxd3 e4 39. g5 Rh5 40. Rh3 f3
41. Rc2 d5 42. Rc1 Bxg5 43. Rxh5 Bxc1 44. Bd4 h6 45. Rh3 a6 46. Rg3+ Bg5 47. a3
Kf7 48. Rh3 Rc1+ 49. Kf2 Rc2+ 50. Kf1 Rd2 51. Bc5 d4 52. Ke1 f2+ 53. Kf1 e3 0-1

[Event "London Classic Open 2017"]
[Site "London ENG"]
[Date "2017.12.04"]
[Round "4.67"]
[White "Misyura, Ilya"]
[Black "Brooks, Phil J"]
[Result "0-1"]
[WhiteElo "1983"]
[BlackElo "2192"]
[WhiteFideId "434183"]
[BlackFideId "405540"]
[EventDate "2017.12.02"]

1. d4 e6 2. c4 d5 3. Nc3 c6 4. e3 Nd7 5. Qc2 Nh6 6. b3 f5 7. Bd3 Bd6 8. cxd5
exd5 9. Bxf5 Nxf5 10. Qxf5 Nf6 11. Qd3 O-O 12. h3 Ne4 13. Nxe4 Bf5 14. f3 Qh4+
15. Kd1 dxe4 16. Qc4+ Kh8 17. f4 Qg3 18. Qf1 c5 19. Ne2 Qg6 20. g4 Bd7 21. a4
Qf7 22. Rb1 Be6 23. dxc5 Bxb3+ 24. Ke1 Bxc5 25. Nc3 Bc4 26. Qf2 Bd3 27. Ra1 Qb3
28. Bd2 Bb4 29. Nd1 Rac8 30. Bxb4 Qxb4+ 31. Qd2 Qxd2+ 32. Kxd2 Rc2+ 33. Ke1 Re2+
34. Kf1 Ra2+ 0-1

[Event "London Classic Open 2017"]
[Site "London ENG"]
[Date "2017.12.04"]
[Round "4.68"]
[White "Oyama, Akito"]
[Black "Nelson, Omowale"]
[Result "1-0"]
[WhiteElo "2185"]
[BlackElo "1949"]
[WhiteFideId "7001630"]
[BlackFideId "7400209"]
[EventDate "2017.12.02"]

1. e4 c6 2. Nf3 d5 3. Nc3 Bg4 4. h3 Bxf3 5. Qxf3 e6 6. d4 Nf6 7. Bg5 Be7 8.
O-O-O Nxe4 9. Bxe7 Qxe7 10. Nxe4 dxe4 11. Qxe4 Nd7 12. Bd3 Nf6 13. Qh4 O-O-O 14.
c3 h6 15. f4 Nd5 16. Qf2 Qc7 17. Rhf1 Kb8 18. Bc2 h5 19. Rde1 h4 20. f5 exf5 21.
Qxf5 f6 22. Bb3 Qg3 23. Re2 g6 24. Qf3 Qg5+ 25. Kb1 f5 26. Re5 Nf6 27. Qf4 Qxf4
28. Rxf4 Rdf8 29. Kc1 Rh7 30. Re3 Kc7 31. Kc2 Kd7 32. Kd3 Rh5 33. Ke2 Re8 34.
Rxe8 Kxe8 35. Kf3 Ke7 36. c4 Ne4 37. Bd1 Rh8 38. Ke3 Kf6 39. Bc2 g5 40. Rf1 Re8
41. Bxe4 Rxe4+ 42. Kd3 g4 43. b4 gxh3 44. gxh3 Re7 45. d5 cxd5 46. cxd5 Re4 47.
d6 Re6 48. Rc1 Rxd6+ 49. Ke3 b5 50. Rc7 a6 51. a3 Ke5 52. Re7+ Kf6 53. Rh7 Kg5
54. Rg7+ Rg6 55. Rc7 Re6+ 56. Kf3 Rd6 57. Ke3 f4+ 58. Ke4 Re6+ 59. Kd4 Kg6 60.
Rc8 Rf6 61. Rg8+ Kf5 62. Rd8 f3 63. Ke3 Ke5 64. Kf2 Ke4 65. Rh8 Kd3 66. Rxh4 Kc3
67. Re4 Kb2 68. Re3 Rf4 69. Rxf3 Rc4 70. Kg3 Rc1 71. h4 Rh1 72. Kg4 Rh2 73. h5
Rg2+ 74. Rg3 Rh2 75. Rh3 Rg2+ 76. Kf5 Rf2+ 77. Ke5 1-0

[Event "London Classic Open 2017"]
[Site "London ENG"]
[Date "2017.12.04"]
[Round "4.69"]
[White "Mozes, Ervin"]
[Black "Midhun, P U"]
[Result "1-0"]
[WhiteTitle "IM"]
[WhiteElo "2177"]
[BlackElo "1956"]
[WhiteFideId "1200151"]
[BlackFideId "5074940"]
[EventDate "2017.12.02"]

1. g3 Nf6 2. Bg2 g6 3. e4 d6 4. Ne2 Bg7 5. d4 O-O 6. O-O Nbd7 7. c4 e5 8. Nbc3
c6 9. b3 Re8 10. d5 c5 11. h3 h6 12. Bd2 Rf8 13. a3 Kh7 14. Qc2 Qe7 15. Nc1 Nh5
16. Qd1 Bf6 17. Nd3 Bg5 18. Be1 Nb6 19. Qe2 a6 20. f4 exf4 21. gxf4 Bh4 22. Rf3
Re8 23. Re3 Bf6 24. e5 Bf5 25. Ne4 Bxe4 26. Rxe4 Nxf4 27. Nxf4 Bxe5 28. Bc3 f5
29. Re3 g5 30. Ne6 Nd7 31. Qd3 Qf6 32. Rf1 Bxc3 33. Rxf5 1-0

[Event "London Classic Open 2017"]
[Site "London ENG"]
[Date "2017.12.04"]
[Round "4.70"]
[White "Edwards, Simon R"]
[Black "Osborne, Marcus E"]
[Result "0-1"]
[WhiteElo "1966"]
[BlackElo "2175"]
[WhiteFideId "406821"]
[BlackFideId "404608"]
[EventDate "2017.12.02"]

1. e4 c6 2. d4 d5 3. e5 Bf5 4. h4 h6 5. g4 Bd7 6. h5 c5 7. dxc5 Qc7 8. f4 Qxc5
9. Bd3 Nc6 10. a3 Qa5+ 11. Kf1 O-O-O 12. Qe2 e6 13. Nf3 f6 14. c3 fxe5 15. fxe5
Qc7 16. b4 Be7 17. Be3 Rf8 18. Bf2 Rxf3 19. Qxf3 Nxe5 20. Qe2 Nxd3 21. Qxd3 a6
22. Qd4 e5 23. Qxd5 Nf6 24. Qb3 Bb5+ 25. Ke1 Qc6 26. Rh3 Qe4+ 27. Re3 Qh1+ 28.
Kd2 Rd8+ 29. Kc2 Ba4 0-1

[Event "London Classic Open 2017"]
[Site "London ENG"]
[Date "2017.12.04"]
[Round "4.71"]
[White "Stone, Andrew M"]
[Black "De Coverly, Roger D"]
[Result "1/2-1/2"]
[WhiteElo "2170"]
[BlackElo "1921"]
[WhiteFideId "404985"]
[BlackFideId "405213"]
[EventDate "2017.12.02"]

1. c4 Nf6 2. Nc3 d5 3. cxd5 Nxd5 4. Nf3 g6 5. e4 Nxc3 6. dxc3 Qxd1+ 7. Kxd1 Bg7
8. Bf4 c6 9. h3 Nd7 10. Kc2 O-O 11. Be3 a5 12. a4 h6 13. Nd2 Nf6 14. Bd3 Be6 15.
Rhe1 Rfc8 16. f3 g5 17. Bc4 Bd7 18. Nb3 b5 19. Bf1 Be8 20. Nc5 Nd7 21. Nxd7 Bxd7
22. Red1 Be8 23. Bc5 e6 24. Rd2 Be5 25. Be2 1/2-1/2

[Event "London Classic Open 2017"]
[Site "London ENG"]
[Date "2017.12.04"]
[Round "4.72"]
[White "Frank, Tena"]
[Black "Healey, Michael W"]
[Result "0-1"]
[WhiteTitle "WFM"]
[WhiteElo "1944"]
[BlackElo "2163"]
[WhiteFideId "4624297"]
[BlackFideId "410012"]
[EventDate "2017.12.02"]

1. d4 Nf6 2. c4 Nc6 3. Nc3 e5 4. d5 Ne7 5. e4 Ng6 6. h4 h5 7. Bg5 a6 8. Nge2 Bc5
9. Ng3 c6 10. Qd2 d6 11. O-O-O Nf8 12. Be2 g6 13. f4 N8h7 14. fxe5 dxe5 15. Rhf1
O-O 16. Nxh5 gxh5 17. Bxf6 Be7 18. Bxe5 Bxh4 19. Bxh5 b5 20. c5 b4 21. Na4 Qe7
22. Bd4 cxd5 23. e5 Be6 24. Kb1 Qg5 25. Qxg5+ Bxg5 26. Be2 Kg7 27. b3 Rfd8 28.
Kc2 Nf8 29. Nb6 Ra7 30. Kb2 Ng6 31. g3 Ne7 32. Rh1 Nc6 33. Rh5 Bh6 34. g4 Nxd4
35. Rxd4 Be3 36. Rd3 Bxc5 37. Na4 Rc7 38. Nxc5 Rxc5 39. Rdh3 Rdc8 40. Rh7+ Kf8
41. Rh8+ Ke7 42. Rxc8 Bxc8 43. Rh6 a5 44. Rd6 Be6 45. g5 d4 46. Rxd4 Rxe5 47.
Bc4 Rxg5 48. a3 Rg2+ 49. Ka1 bxa3 50. Re4 Kd6 51. Bxe6 fxe6 52. Ra4 e5 53. Rxa5
e4 54. Ra6+ Kd5 55. Ra5+ Kd4 56. Ra4+ Kd3 57. b4 e3 58. Rxa3+ Kd4 59. Ra8 e2 60.
Rd8+ Kc3 61. Rc8+ Kb3 62. Rc1 Rf2 63. Rb1+ Ka3 64. b5 Rf1 65. b6 Rxb1+ 66. Kxb1
e1=Q+ 67. Kc2 Qb4 0-1

[Event "London Classic Open 2017"]
[Site "London ENG"]
[Date "2017.12.04"]
[Round "4.73"]
[White "Khalifa, Ramy"]
[Black "Cumming, Rhys"]
[Result "0-1"]
[WhiteElo "1939"]
[BlackElo "2162"]
[WhiteFideId "10626840"]
[BlackFideId "470163"]
[EventDate "2017.12.02"]

1. e4 e5 2. d4 exd4 3. Qxd4 Nc6 4. Qe3 Nf6 5. Nc3 Bb4 6. Bd2 O-O 7. O-O-O Re8 8.
Qg3 Nxe4 9. Nxe4 Rxe4 10. c3 Be7 11. Bd3 Bh4 12. Qf3 Re8 13. Qh5 g6 14. Qh6 Ne5
15. Be2 d6 16. g3 Bf6 17. h4 Bg7 18. Qf4 Qf6 19. Nh3 Bf5 20. Ng5 Bd3 21. Qe3
Bxe2 22. Qxe2 Qxf2 23. Qe4 d5 24. Qxd5 Rad8 25. Qb3 Qb6 26. Qxb6 axb6 27. Rhf1
f6 28. Nf3 Nxf3 29. Rxf3 Re2 30. Re3 Rdxd2 31. Rxe2 Rxe2 32. Rd7 Bf8 33. Rxc7
Re7 0-1

[Event "London Classic Open 2017"]
[Site "London ENG"]
[Date "2017.12.04"]
[Round "4.74"]
[White "Schut, Han"]
[Black "McKerracher, Douglas"]
[Result "1-0"]
[WhiteElo "2161"]
[BlackElo "1915"]
[WhiteFideId "1005561"]
[BlackFideId "2401002"]
[EventDate "2017.12.02"]

1. e4 d5 2. exd5 Qxd5 3. Nc3 Qd8 4. d4 Nf6 5. g3 c6 6. Bg2 e6 7. Nge2 Bd6 8. O-O
O-O 9. Ne4 Nxe4 10. Bxe4 Nd7 11. c4 Nf6 12. Bg2 e5 13. h3 exd4 14. Nxd4 h6 15.
Be3 Qe7 16. Re1 Qc7 17. Qc2 Bc5 18. Rad1 Bxd4 19. Bxd4 Be6 20. Bxf6 gxf6 21. Rd4
f5 22. Rh4 Qe7 23. Rxh6 Qg5 24. Rh4 Rad8 25. Rf4 Rd7 26. Qc1 Kh7 27. Be4 Qg6 28.
Rh4+ Kg7 29. Rg4 fxg4 30. Bxg6 Kxg6 31. h4 Rg8 32. Qg5+ Kh7 33. Qf4 Rgd8 34. Re5
Rd4 35. Rh5+ Kg8 36. Qg5+ 1-0

[Event "London Classic Open 2017"]
[Site "London ENG"]
[Date "2017.12.04"]
[Round "4.75"]
[White "Mcgowan, Daniel"]
[Black "Tobianski, Fabian"]
[Result "1/2-1/2"]
[WhiteElo "2155"]
[BlackElo "1909"]
[WhiteFideId "2401479"]
[BlackFideId "12952001"]
[EventDate "2017.12.02"]

1. d4 Nf6 2. Nf3 e6 3. e3 b6 4. Bd3 Bb7 5. Nbd2 c5 6. O-O Be7 7. c3 d5 8. Ne5
O-O 9. Qf3 Nbd7 10. Qh3 Re8 11. Ndf3 Ne4 12. Nxd7 Qxd7 13. Ne5 Qd8 14. f3 Ng5
15. Qg4 f5 16. Qf4 Bf6 17. h4 Nf7 18. Nxf7 Kxf7 19. h5 Qb8 20. Qxb8 Raxb8 21. f4 1/2-1/2

[Event "London Classic Open 2017"]
[Site "London ENG"]
[Date "2017.12.04"]
[Round "4.76"]
[White "Sellmair, Reinhard"]
[Black "Klingher, Dominic"]
[Result "0-1"]
[WhiteElo "1936"]
[BlackElo "2153"]
[WhiteFideId "12946990"]
[BlackFideId "428850"]
[EventDate "2017.12.02"]

1. e4 e6 2. d4 d5 3. Nc3 Nf6 4. e5 Nfd7 5. f4 c5 6. Nf3 Nc6 7. Be3 a6 8. Qd2 Be7
9. Bd3 b5 10. a3 Qb6 11. Nd1 cxd4 12. Nxd4 Nxd4 13. Qf2 Nxc2+ 14. Bxc2 Qd8 15.
O-O Bb7 16. Bd4 Rc8 17. b4 f5 18. Ne3 O-O 19. g4 g6 20. gxf5 gxf5 21. Kh1 Kh8
22. Rg1 Nb8 23. Bd3 Nc6 24. Nc2 Qe8 25. h3 Qh5 26. Qe3 Rg8 27. Be2 Qh6 28. Rxg8+
Rxg8 29. Rg1 Rxg1+ 30. Kxg1 Qh4 31. Bf1 Bf8 32. Qf2 Qh5 33. Kh2 Bh6 34. Be2
Bxf4+ 0-1